| 000 | 00454nam a2200181Ia 4500 | ||
|---|---|---|---|
| 005 | 20240823054818.0 | ||
| 008 | 240823s9999||||xx |||||||||||||| ||und|| | ||
| 041 | _aENGLISH | ||
| 082 | _A621.43 Q5 | ||
| 100 | _aGanesan V | ||
| 245 | 0 | _aInternal Combustion Engines | |
| 250 | _a4th | ||
| 260 |
_c2015 _bMcGraw - Hill Higher Educ _aNew York |
||
| 500 | _aYES | ||
| 650 |
_aCombustion Engine _bAutomobile Engineering |
||
| 942 | _cBK | ||
| 999 |
_c227337 _d227337 |
||